Talking with Horses (Record no. 2026)

000 -LEADER
fixed length control field 00630nam a22002177a 4500
003 - CONTROL NUMBER IDENTIFIER
control field OSt
005 - DATE AND TIME OF LATEST TRANSACTION
control field 20210414104604.0
008 - FIXED-LENGTH DATA ELEMENTS--GENERAL INFORMATION
fixed length control field 210306s1976 ||||| |||| 00| 0 eng d
020 ## - INTERNATIONAL STANDARD BOOK NUMBER
International Standard Book Number 0340208074
040 ## - CATALOGING SOURCE
Original cataloging agency eng
Language of cataloging eng
Transcribing agency DLC
041 ## - LANGUAGE CODE
Language code of text/sound track or separate title eng
080 ## - UNIVERSAL DECIMAL CLASSIFICATION NUMBER
Universal Decimal Classification number 821.111
Item number B-64
100 ## - MAIN ENTRY--PERSONAL NAME
9 (RLIN) 1290
Personal name Blake, Henry
245 ## - TITLE STATEMENT
Title Talking with Horses
Remainder of title : A Study of Communication between Man and Horse
Statement of responsibility, etc. / by: Coronet Books
260 ## - PUBLICATION, DISTRIBUTION, ETC.
Place of publication, distribution, etc. London
Name of publisher, distributor, etc. Coronet Books
Date of publication, distribution, etc. 1976
300 ## - PHYSICAL DESCRIPTION
Extent 189 p.
365 ## - TRADE PRICE
Price amount 0.8 gbp
650 #0 - SUBJECT ADDED ENTRY--TOPICAL TERM
9 (RLIN) 247
Topical term or geographic name entry element English literature
653 ## - INDEX TERM--UNCONTROLLED
Uncontrolled term ინგლისური ლიტერატურა
942 ## - ADDED ENTRY ELEMENTS (KOHA)
Source of classification or shelving scheme
Koha item type Books
Holdings
Withdrawn status Lost status Source of classification or shelving scheme Damaged status Not for loan Permanent location Current location Date acquired Inventory number Total Checkouts Full call number Barcode Date last seen Price effective from Koha item type
          Ken Walker International University Ken Walker International University 03/06/2021 1933   821.111 B-64 1933 03/06/2021 03/06/2021 Books

Powered by Koha